000 00967nam a2200325Ia 4500
003 OSt
005 20220912144621.0
006 a|||||r|||| 00| 0
007 ta
008 220909b |||||||| |||| 00| 0 eng d
020 _a9781107696297 (pbk)
020 _aSL01560988
024 _a190029
037 _b310, 07/03/2014, Vardhman Books
037 _cTextbook
040 _aCSL
_beng
_cCSL
041 _aeng
082 _aH21, Q4 TH
100 _aFrost B Ronald; Frost Carol D
245 0 _aEssentials of igneous and metamorphic petrology
260 _aNew York
_bCambridge
_c2014
300 _axiv,303p. ill.
500 _aReferences 283-296p.; Index 297-303p.
650 _a Igneous rocks
650 _a Metamorphic rocks
650 _aGeology
700 _aFrost B Ronald; Frost Carol D
942 _hH21, Q4 TH
_cTB
_2CC
999 _c13723
_d13723